|
|
|
|
| LEADER |
02389nam a2200589 a 4500 |
| 001 |
nkc20061702472 |
| 003 |
CZ PrNK |
| 005 |
20070510095848.0 |
| 007 |
ta |
| 008 |
061219s2006 xr ac e f 000 0 cze |
| 015 |
|
|
|a cnb001702472
|
| 020 |
|
|
|a 80-245-1010-3
|q (brož.)
|
| 035 |
|
|
|a (OCoLC)137329699
|
| 040 |
|
|
|a OLA001
|b cze
|d ABA001
|
| 043 |
|
|
|a e-xr---
|b e-xr-pg
|2 czenas
|
| 045 |
|
|
|a x9y0
|
| 072 |
|
7 |
|a 378
|x Vysoké školy
|2 Konspekt
|9 22
|
| 080 |
|
|
|a 378.6:33
|2 MRF
|
| 080 |
|
|
|a 001:061
|2 MRF
|
| 080 |
|
|
|a 327
|2 MRF
|
| 080 |
|
|
|a 37.091.3
|2 MRF
|
| 080 |
|
|
|a (437.311)
|2 MRF
|
| 080 |
|
|
|a (082.2)
|2 MRF
|
| 110 |
2 |
|
|a Vysoká škola ekonomická v Praze.
|b Středisko mezinárodních studií Jana Masaryka
|7 kn20010709168
|
| 245 |
1 |
0 |
|a Středisko mezinárodních studií Jana Masaryka, Fakulta mezinárodních vztahů VŠE v Praze :
|b 15 let existence (1991-2006) /
|c [Zbyněk Dubský a Jaroslav Šauer (editoři)]
|
| 250 |
|
|
|a 1. vyd.
|
| 260 |
|
|
|a Praha :
|b Oeconomica,
|c 2006
|
| 300 |
|
|
|a 73 s. :
|b il. (převážně barev.), portréty ;
|c 21 cm
|
| 504 |
|
|
|a Obsahuje bibliografii
|
| 550 |
|
|
|a Vydavatel: Vysoká škola ekonomická v Praze
|
| 610 |
2 |
7 |
|a Vysoká škola ekonomická v Praze.
|b Středisko mezinárodních studií Jana Masaryka
|7 kn20010709168
|2 czenas
|
| 648 |
|
4 |
|a 1991-2006
|
| 650 |
0 |
7 |
|a vysoké ekonomické školy
|7 ph172773
|z Česko
|y 1991-2006
|2 czenas
|
| 650 |
0 |
7 |
|a vědecké instituce a organizace
|7 ph127368
|z Česko
|y 1991-2006
|2 czenas
|
| 650 |
0 |
7 |
|a mezinárodní vztahy
|7 ph137626
|2 czenas
|
| 650 |
0 |
7 |
|a studium a výuka
|7 ph136700
|2 czenas
|
| 650 |
0 |
9 |
|a universities of economics
|z Czechia
|y 1991-2006
|2 eczenas
|
| 650 |
0 |
9 |
|a scientific institutions and organizations
|z Czechia
|y 1991-2006
|2 eczenas
|
| 650 |
0 |
9 |
|a international relations
|2 eczenas
|
| 650 |
0 |
9 |
|a study and teaching
|2 eczenas
|
| 651 |
|
7 |
|a Praha (Česko)
|7 ge118011
|2 czenas
|
| 651 |
|
9 |
|a Prague (Czechia)
|2 eczenas
|
| 653 |
0 |
|
|a střediska mezinárodních studií
|
| 655 |
|
7 |
|a jubilejní publikace
|7 fd131839
|2 czenas
|
| 655 |
|
9 |
|a jubilee books
|2 eczenas
|
| 700 |
1 |
|
|a Dubský, Zbyněk,
|d 1974-
|7 mzk2007377758
|4 edt
|
| 700 |
1 |
|
|a Šauer, Jaroslav,
|d 1929-
|7 mzk2006323847
|4 edt
|
| 910 |
2 |
|
|a BOA001
|b 2-1179.186
|
| 990 |
|
|
|a BK
|
| 995 |
|
|
|a 01
|
| 991 |
|
|
|b 200701
|c NOV
|
| 996 |
6 |
|
|b 2610297824
|c 2-1179.186
|l MZK
|r Sklad / do 1 hodiny
|n 1
|p p.v.
|w 000836438
|u 000010
|a 1
|e BOA001
|j MZK50
|s P
|